Sviatočné stretnutie umenia ľudu výňatok z prejavu súdruha V. Šalgoviča

Bibliographic Details
Main Author: Šalgovič, Viliam, 1919-1990 (Author)
Format: Article
Language:Slovak
Subjects:

MARC

LEADER 00000nab a2200000 ar4500
001 vtls009008580
003 SK-MaSNL
005 20260303065524.0
008 070723c19760706xo |r|p|||||||000 b|slo
015 |a SNBRB2007/07  |2 snkbucl 
038 |a SNKBUCL 
040 |a SNKBUCL  |b slo  |c SNKBUCL  |e AACR2 
041 |a slo 
044 |a xo  |c SK 
080 |a 7.01  |2 1997 
100 1 |a Šalgovič, Viliam,  |d 1919-1990  |4 aut  |9 37985 
245 1 0 |a Sviatočné stretnutie umenia ľudu  |b výňatok z prejavu súdruha V. Šalgoviča  |c V. Šalgovič 
650 0 7 |a ľudové umenie  |2 SNKPH  |9 2866 
773 0 |t Pravda  |g (5.7.1976), s. 1 a 2 
852 |a SNK  |b KIS3GCP 
999 |c 1751539  |d 1753469